[Event "?"]
[Site "ICS game, 192.231.221.16 (-)"]
[Date "1997.??.??"]
[Round "?"]
[White "Brause"]
[Black "oldtimer"]
[Result "1/2-1/2"]
[WhiteElo "2475"]
[BlackElo "2675"]
[PlyCount "116"]

1. e4 e5 2. Nf3 Nc6 3. Nc3 Nf6 4. Nxe5 Nxe5 5. d4 Ng6 6. e5 Ng8 7. Bc4 d5 8.
Bxd5 c6 9. Bb3 Bb4 10. O-O Bxc3 11. Qf3 Be6 12. Bxe6 fxe6 13. Qxc3 N8e7 14. Qb4
Qd7 15. c3 O-O 16. Qd6 Rad8 17. Qxd7 Rxd7 18. g3 c5 19. Be3 Nf5 20. Rad1 cxd4
21. cxd4 Rc8 22. g4 Nxe3 23. fxe3 Rc2 24. Rc1 Rdc7 25. Rxc2 Rxc2 26. Rf2 Rxf2
27. Kxf2 Ne7 28. h4 Kf7 29. h5 h6 30. Kf3 Nc6 31. Ke4 Nb4 32. a3 Nd5 33. Kd3
Nb6 34. b3 a5 35. e4 Ke7 36. Ke3 Kd7 37. Kd3 a4 38. Kc3 axb3 39. Kxb3 Kc6 40.
a4 Nc8 41. Kc4 Nb6+ 42. Kb3 Na8 43. Kc4 Nc7 44. a5 Na6 45. d5+ Kd7 46. Kb5 Nc7+
47. Kb6 exd5 48. exd5 Nxd5+ 49. Kxb7 Nb4 50. Kb6 Ke6 51. Kc5 Nd5 52. a6 Nc7 53.
a7 Kxe5 54. Kc6 Na8 55. g5 hxg5 56. Kb7 Kd6 57. Kxa8 Kc7 58. h6 gxh6 1/2-1/2

[Event "?"]
[Site "ICS game, 192.231.221.16 (-)"]
[Date "1997.??.??"]
[Round "?"]
[White "Brause"]
[Black "Lonnie"]
[Result "0-1"]
[WhiteElo "2575"]
[BlackElo "2710"]
[PlyCount "150"]

1. e4 e5 2. Nf3 Nc6 3. Nc3 Nf6 4. Nxe5 Nxe5 5. d4 Ng6 6. e5 Ng8 7. Bc4 Bb4 8.
Qf3 Bxc3+ 9. bxc3 f5 10. h4 N6e7 11. Bxg8 Nxg8 12. Qxf5 Ne7 13. Qh5+ g6 14. Qg5
d5 15. h5 Bf5 16. hxg6 Bxg6 17. Qd2 Qc8 18. Ba3 Qe6 19. O-O-O O-O-O 20. Qg5 Nc6
21. f3 h5 22. Qf6 Qxf6 23. exf6 h4 24. f4 Kd7 25. Rh3 Ke6 26. Rdh1 Rdg8 27.
Rxh4 Rxh4 28. Rxh4 Kf5 29. c4 dxc4 30. d5 Nb8 31. Be7 Bf7 32. Rh7 Kg6 33. Rh1
Nd7 34. g4 Nxf6 35. f5+ Kg5 36. Rd1 Re8 37. Bxf6+ Kxf6 38. d6 cxd6 39. Rxd6+
Ke5 40. Rd7 Bd5 41. Kd2 Rg8 42. Re7+ Kd6 43. Re2 Rxg4 44. Rf2 Ke5 45. Kc3 Rf4
46. Rxf4 Kxf4 47. Kd4 Bg8 48. f6 Kf5 49. Ke3 Ke5 50. Kf3 Bd5+ 51. Ke3 b6 52. a3
b5 53. c3 a5 54. Ke2 Kxf6 55. Kd2 Ke5 56. Ke3 b4 57. cxb4 axb4 58. axb4 Be4 59.
b5 c3 60. b6 c2 61. Kd2 Kd6 62. b7 Kc7 63. b8=Q+ Kxb8 64. Kc1 Kb7 65. Kd2 Kc6
66. Kc1 Kc5 67. Kd2 Kc4 68. Ke3 c1=Q+ 69. Kxe4 Qd2 70. Kf5 Kd5 71. Kg4 Ke4 72.
Kg3 Qe2 73. Kh4 Kf4 74. Kh3 Qd2 75. Kh4 Qh2# 0-1

[Event "?"]
[Site "ICS game, 192.231.221.16 (-)"]
[Date "1997.??.??"]
[Round "?"]
[White "Brause"]
[Black "agro"]
[Result "1-0"]
[WhiteElo "2645"]
[BlackElo "2450"]
[PlyCount "113"]

1. e4 e5 2. Nf3 Nc6 3. Nc3 Nf6 4. Nxe5 Nxe5 5. d4 Ng6 6. e5 Ng8 7. Bc4 d6 8.
Qf3 Qd7 9. O-O c6 10. exd6 Bxd6 11. Re1+ Kd8 12. Qxf7 Qxf7 13. Bxf7 Nf6 14. d5
cxd5 15. Nxd5 Rf8 16. Bxg6 hxg6 17. Bf4 Bxf4 18. Nxf4 Bf5 19. Rad1+ Kc7 20.
Re7+ Kc6 21. Ne6 Rfc8 22. Nd4+ Kb6 23. c3 Rc7 24. Nxf5 gxf5 25. Rd6+ Rc6 26.
Rxc6+ Kxc6 27. Rxg7 Re8 28. Kf1 Ne4 29. f3 Nd6 30. g3 Nc4 31. Rf7 Rd8 32. b3
Nd6 33. Re7 a5 34. h4 Rh8 35. Re5 b6 36. Kf2 f4 37. h5 fxg3+ 38. Kxg3 Nb5 39.
c4 Nc3 40. a4 Kd6 41. f4 Na2 42. Kg4 Nc1 43. Kh4 Nxb3 44. Rb5 Nc5 45. Rxb6+ Kc7
46. Rb5 Nxa4 47. Rxa5 Nb6 48. Ra7+ Kc6 49. f5 Nxc4 50. f6 Kd6 51. Kg5 Ne5 52.
h6 Rg8+ 53. Kf5 Rh8 54. Ra6+ Kd7 55. Kxe5 Rxh6 56. f7 Rh5+ 57. Kf6 1-0

[Event "?"]
[Site "ICS game, 192.231.221.16 (-)"]
[Date "1997.??.??"]
[Round "?"]
[White "Brause"]
[Black "CHRIS5800"]
[Result "1-0"]
[WhiteElo "2560"]
[BlackElo "1985"]
[PlyCount "73"]

1. e4 e5 2. Nf3 Nc6 3. Nc3 Nf6 4. Nxe5 Nxe5 5. d4 Ng6 6. e5 Bb4 7. exf6 Bxc3+
8. bxc3 Qxf6 9. Bd3 O-O 10. O-O d5 11. Be3 c6 12. Rb1 b6 13. Qd2 Bf5 14. Bg5
Qe6 15. Rfe1 Qd7 16. Rbd1 f6 17. Be3 Rae8 18. c4 Be4 19. cxd5 Bxd3 20. dxc6
Qxc6 21. Qxd3 f5 22. c4 f4 23. Bd2 Rxe1+ 24. Rxe1 Qf6 25. Qe4 Qg5 26. f3 Nh4
27. Re2 h6 28. Bb4 Rf6 29. Be7 Qf5 30. Bxf6 Qxf6 31. Qd5+ Kh7 32. Re6 Qg5 33.
Qxg5 hxg5 34. c5 bxc5 35. dxc5 Ng6 36. c6 Nf8 37. Re8 1-0

[Event "?"]
[Site "ICS game, 192.231.221.16 (-)"]
[Date "1997.??.??"]
[Round "?"]
[White "Brause"]
[Black "Lonnie"]
[Result "1-0"]
[WhiteElo "2675"]
[BlackElo "2735"]
[PlyCount "104"]

1. e4 e5 2. Nf3 Nc6 3. Nc3 Nf6 4. Nxe5 Nxe5 5. d4 Ng6 6. e5 Ng8 7. Bc4 Bb4 8.
Qf3 Bxc3+ 9. bxc3 f5 10. h4 N6e7 11. Bxg8 Nxg8 12. Qxf5 Ne7 13. Qf3 d6 14. O-O
dxe5 15. Re1 Nc6 16. d5 Rf8 17. Qh5+ g6 18. Qxh7 Qxd5 19. Qxg6+ Qf7 20. Qxf7+
Kxf7 21. Bg5 Bf5 22. Re2 Rh8 23. Rae1 Kg7 24. f3 Raf8 25. Rb1 b6 26. Rbe1 Be6
27. a3 Bf5 28. g3 b5 29. Kg2 a6 30. Ra1 Be6 31. a4 bxa4 32. Rd2 Na5 33. Rxa4
Nc4 34. Rf2 a5 35. g4 Rf7 36. Kg3 c5 37. f4 exf4+ 38. Bxf4 Rg8 39. h5 Rgf8 40.
Ra1 Bd7 41. Raf1 a4 42. Bh6+ Kxh6 43. Rxf7 Rxf7 44. Rxf7 Bxg4 45. Rf4 Ne5 46.
Re4 a3 47. Rxe5 a2 48. Re1 Bxh5 49. Ra1 Bf7 50. Kf4 Kh5 51. Ke5 Kg5 52. c4 Bxc4
1-0

[Event "?"]
[Site "ICS game, 192.231.221.16 (-)"]
[Date "1997.??.??"]
[Round "?"]
[White "Brause"]
[Black "MoonShot"]
[Result "0-1"]
[WhiteElo "2560"]
[BlackElo "2605"]
[PlyCount "158"]

1. e4 e5 2. Nf3 Nc6 3. Nc3 Nf6 4. Nxe5 Nxe5 5. d4 Nc6 6. d5 Na5 7. e5 Qe7 8.
Qe2 Ng8 9. d6 Qh4 10. Nd5 Rb8 11. g3 Qd4 12. Nxc7+ Kd8 13. Bg5+ Be7 14. c3 Qc5
15. Qe3 Qxe3+ 16. Bxe3 b6 17. Na6 Ra8 18. Bg2 Bf8 19. Bxa8 Bxa6 20. Bd4 Bb5 21.
f4 Bc6 22. Bxc6 Nxc6 23. Rd1 Nh6 24. Bf2 Ng4 25. h3 Nxf2 26. Kxf2 Rg8 27. Rd5
g5 28. Re1 gxf4 29. gxf4 Bh6 30. Kf3 a6 31. b3 Kc8 32. c4 Nb4 33. Rd2 Nc6 34.
Rdd1 Nd8 35. Rg1 Rg6 36. h4 Kb8 37. Ke4 Ne6 38. f5 Rxg1 39. Rxg1 Ng7 40. Rg4
Kb7 41. Rg2 Kc6 42. Rg1 Kc5 43. Rg3 a5 44. Rd3 Nh5 45. e6 Nf6+ 46. Kf3 fxe6 47.
fxe6 Kc6 48. e7 Bc1 49. c5 bxc5 50. Rd1 Bb2 51. h5 Bd4 52. Re1 Ne8 53. Kf4 Kxd6
54. Kg5 Bg7 55. Re2 Kd5 56. Kf4 Bf6 57. Re4 Kd6 58. Ra4 Bxe7 59. Rxa5 Ke6 60.
Ra6+ d6 61. h6 Bf8 62. Kg5 Nf6 63. Ra8 Be7 64. Kf4 Kf7 65. Kg5 Ng8+ 66. Kh5 d5
67. Ra7 d4 68. Ra4 d3 69. Rf4+ Ke6 70. Rf1 Nf6+ 71. Kh4 Ne4+ 72. Kg4 d2 73. a4
Nf2+ 74. Kf3 d1=Q+ 75. Rxd1 Nxd1 76. a5 Nc3 77. a6 Nb5 78. Ke4 Bg5 79. b4 cxb4
0-1

[Event "?"]
[Site "ICS game, 192.231.221.16 (-)"]
[Date "1997.??.??"]
[Round "?"]
[White "Brause"]
[Black "Lonnie"]
[Result "0-1"]
[WhiteElo "2540"]
[BlackElo "2755"]
[PlyCount "118"]

1. e4 e5 2. Nf3 Nc6 3. Nc3 Nf6 4. Nxe5 Nxe5 5. d4 Ng6 6. e5 Ng8 7. Bc4 Bb4 8.
Qf3 Bxc3+ 9. bxc3 f5 10. O-O N8e7 11. Bg5 h6 12. Be3 c6 13. Rab1 Qa5 14. Bd2 b6
15. Qd3 Bb7 16. g3 b5 17. Bb3 c5 18. e6 c4 19. exd7+ Kd8 20. Bxc4 bxc4 21. Qxc4
Ba6 22. Qb3 Bxf1 23. Qb7 Qd5 24. Kxf1 Qxb7 25. Rxb7 Nf8 26. c4 Nxd7 27. Ba5+
Ke8 28. d5 a6 29. d6 Nc8 30. Bb4 Ra7 31. Rxa7 Nxa7 32. c5 Kf7 33. a3 Rc8 34. c4
Nxc5 35. Bd2 Ke6 36. Bc3 Rg8 37. Bd2 Nc6 38. Bf4 Na5 39. h4 Nxc4 40. Ke2 Nxa3
41. h5 Nc4 42. f3 Rb8 43. Bc1 Nb3 44. Bf4 Nd4+ 45. Kf2 Rb2+ 46. Ke1 Nxf3+ 47.
Kd1 Nxd6 48. Kc1 Rh2 49. Be3 Ne4 50. g4 fxg4 51. Kd1 g3 52. Kc1 Ra2 53. Bb6 g2
54. Be3 g1=Q+ 55. Bxg1 Nxg1 56. Kd1 Rd2+ 57. Kc1 Ne2+ 58. Kb1 N4c3+ 59. Ka1
Ra2# 0-1

[Event "?"]
[Site "ICS game, 192.231.221.16 (-)"]
[Date "1997.??.??"]
[Round "?"]
[White "Brause"]
[Black "Buffos"]
[Result "0-1"]
[WhiteElo "2505"]
[BlackElo "2570"]
[PlyCount "140"]

1. e4 e5 2. Nf3 Nc6 3. Nc3 Nf6 4. Nxe5 Nxe5 5. d4 Ng6 6. e5 Ng8 7. Bc4 Bb4 8.
Qf3 Bxc3+ 9. bxc3 Qe7 10. O-O a5 11. Bd5 c6 12. Be4 d5 13. exd6 Qxd6 14. Bxg6
hxg6 15. Bf4 Qd5 16. Rfe1+ Be6 17. Qxd5 cxd5 18. Rab1 Rc8 19. Re3 Kd7 20. Rb6
Nf6 21. h3 Ne4 22. Rxb7+ Kc6 23. Re7 Kb6 24. c4 Rxc4 25. Rb3+ Rb4 26. f3 Rxb3
27. axb3 Nf6 28. Bd6 Nd7 29. Bg3 Rc8 30. c4 dxc4 31. bxc4 Rxc4 32. d5 Bf5 33.
Bf2+ Kc7 34. Bg3+ Kb7 35. Be1 Kc8 36. Bxa5 Rc5 37. Bb4 Rb5 38. Ba3 f6 39. g4
Bd3 40. d6 Rb3 41. Bc5 Nxc5 42. Rc7+ Kd8 43. Rxc5 Kd7 44. Rc7+ Kxd6 45. Rxg7
Ke5 46. Rf7 Kf4 47. Re7 Kg3 48. Re1 Rb1 49. Rxb1 Bxb1 50. h4 Kxf3 51. g5 fxg5
52. hxg5 Kg4 53. Kf2 Kxg5 54. Kf3 Kh4 55. Kf2 g5 56. Ke3 g4 57. Kf2 Kh3 58. Ke2
g3 59. Ke3 g2 60. Kd4 g1=Q+ 61. Kd5 Qg6 62. Ke5 Bf5 63. Kd5 Qe6+ 64. Kc5 Be4
65. Kd4 Qd5+ 66. Kc3 Qc5+ 67. Kd2 Qd4+ 68. Ke1 Qb2 69. Kd1 Bf3+ 70. Ke1 Qe2#
0-1

[Event "?"]
[Site "ICS game, 192.231.221.16 (-)"]
[Date "1997.??.??"]
[Round "?"]
[White "Brause"]
[Black "MoonShot"]
[Result "0-1"]
[WhiteElo "2580"]
[BlackElo "2720"]
[PlyCount "71"]

1. e4 e5 2. Nf3 Nc6 3. Nc3 Nf6 4. Nxe5 Nxe5 5. d4 Ng6 6. e5 Ng8 7. Bc4 Bb4 8.
Qf3 Bxc3+ 9. bxc3 f5 10. h4 N6e7 11. Bxg8 Nxg8 12. Qxf5 Ne7 13. Qh5+ g6 14. Qe2
c5 15. h5 Qa5 16. Bd2 cxd4 17. cxd4 Qd5 18. hxg6 Nxg6 19. Qd3 Qxg2 20. O-O-O
Qxf2 21. Kb1 O-O 22. Bh6 Qf5 23. Qc4+ Rf7 24. Qc7 b6 25. Qd8+ Rf8 26. Qc7 Ba6
27. Qd6 Rf7 28. Qb4 Rc8 29. Rc1 Rc4 30. Qd6 Qe4 31. Rhd1 Qc6 32. Qb8+ Bc8 33.
Ka1 Rf2 34. Be3 Rcxc2 35. Rxc2 Rxc2 36. Kb1 0-1

[Event "?"]
[Site "ICS game, 192.231.221.16 (-)"]
[Date "1997.??.??"]
[Round "?"]
[White "Brause"]
[Black "JesusCR"]
[Result "1-0"]
[WhiteElo "2525"]
[BlackElo "2605"]
[PlyCount "63"]

1. e4 e5 2. Nf3 Nf6 3. Nc3 Nc6 4. Nxe5 Nxe5 5. d4 Nc6 6. d5 Ne5 7. f4 Ng6 8. e5
Ng8 9. d6 cxd6 10. exd6 Qf6 11. Nb5 Kd8 12. Be3 Qxb2 13. Bd4 Qb4+ 14. c3 Qb2
15. Rb1 Qxa2 16. g3 Qe6+ 17. Be2 Qe4 18. O-O Nh4 19. gxh4 Qg6+ 20. Kh1 b6 21.
Ra1 Rb8 22. Rxa7 Nh6 23. Bd3 Qe6 24. Re1 Qg4 25. Qxg4 Nxg4 26. Kg1 Nxh2 27.
Kxh2 h5 28. Ra8 Bxd6 29. Nxd6 Kc7 30. Nb5+ Kc6 31. Rxb8 Bb7 32. Rxh8 1-0

[Event "?"]
[Site "ICS game, 192.231.221.16 (-)"]
[Date "1997.??.??"]
[Round "?"]
[White "Brause"]
[Black "MachineHead"]
[Result "1-0"]
[WhiteElo "2635"]
[BlackElo "2705"]
[PlyCount "81"]

1. e4 e5 2. Nf3 Nc6 3. Nc3 Nf6 4. Nxe5 Nxe5 5. d4 Ng6 6. e5 Ng8 7. Bc4 d6 8.
Qf3 Qd7 9. O-O dxe5 10. dxe5 Nxe5 11. Re1 Bd6 12. Bf4 f6 13. Bb5 c6 14. Rad1
Qe6 15. Qg3 Kf8 16. Bxe5 Bxe5 17. f4 cxb5 18. fxe5 Qb6+ 19. Re3 Bf5 20. Rd6 Qc5
21. Rd5 Qc8 22. Qf4 Ne7 23. exf6 Ng6 24. Qd4 Kf7 25. Nxb5 Rd8 26. Rxd8 Qxd8 27.
Nd6+ Kf8 28. fxg7+ Kg8 29. Qd5+ Kxg7 30. Qf7+ Kh8 31. Re8+ Qxe8 32. Nxe8 Rxe8
33. Qxe8+ Kg7 34. Qe3 Kf6 35. Qxa7 Bc8 36. Qd4+ Kf7 37. Qc4+ Be6 38. Qc7+ Ne7
39. Qxb7 Bxa2 40. Qf3+ Ke8 41. Qa8+ 1-0

[Event "?"]
[Site "ICS rated standard match, 164"]
[Date "1997.??.??"]
[Round "?"]
[White "Brause"]
[Black "turbotruth"]
[Result "1-0"]
[WhiteElo "2140"]
[BlackElo "1850"]
[PlyCount "99"]

1. e4 e5 2. Nf3 Nf6 3. Nc3 Nc6 4. Nxe5 Nxe5 5. d4 Ng6 6. e5 Ng8 7. Bc4 d6 8.
Qf3 Qd7 9. O-O dxe5 10. dxe5 Nxe5 11. Re1 Bd6 12. Bf4 f6 13. Bb5 c6 14. Rad1
Qc7 15. Qd3 Be7 16. Qg3 Bg4 17. Bxe5 Qc8 18. Be2 Bxe2 19. Qxg7 Qg4 20. Bxf6
Qxg7 21. Bxg7 Bxd1 22. Nxd1 Kf7 23. Bxh8 Nf6 24. Bxf6 Kxf6 25. Nc3 Rd8 26. Kf1
Bd6 27. Ne4+ Kg6 28. Nxd6 Rxd6 29. Re7 Rd2 30. Rxb7 Rxc2 31. Rxa7 Rxb2 32. a4
h6 33. Rc7 Rc2 34. a5 c5 35. a6 c4 36. Rc6+ Kg7 37. a7 Ra2 38. Rc7+ Kf6 39. f4
Kf5 40. g3 Kg4 41. Re7 c3 42. Rc7 Kh3 43. f5 Kxh2 44. f6 Ra1+ 45. Kf2 Ra2+ 46.
Ke3 c2 47. f7 Rxa7 48. Rxc2+ Kxg3 49. f8=Q Ra3+ 50. Qxa3 1-0

[Event "?"]
[Site "ICS rated standard match, 164"]
[Date "1997.??.??"]
[Round "?"]
[White "Brause"]
[Black "Calfu"]
[Result "1-0"]
[WhiteElo "2160"]
[BlackElo "2050"]
[PlyCount "32"]

1. e4 e5 2. Nf3 Nc6 3. Nc3 Nf6 4. Nxe5 Nxe5 5. d4 Ng6 6. e5 Ng8 7. Bc4 d6 8.
Qf3 Be6 9. Qxb7 Bxc4 10. Qc6+ Ke7 11. exd6+ Qxd6 12. Qxa8 Qxd4 13. Be3 Qd6 14.
Rd1 Qe5 15. Nd5+ Ke6 16. Qc8+ Kd6 1-0

[Event "?"]
[Site "ICS rated standard match, 164"]
[Date "1997.??.??"]
[Round "?"]
[White "Brause"]
[Black "HerbertHerbert"]
[Result "0-1"]
[WhiteElo "2175"]
[BlackElo "2500"]
[PlyCount "66"]

1. e4 e5 2. Nf3 Nc6 3. Nc3 Nf6 4. Nxe5 Nxe5 5. d4 Nc6 6. d5 Ne5 7. f4 Ng6 8. e5
Ng8 9. d6 c6 10. g3 b5 11. Ne4 Qb6 12. h4 h5 13. Be2 Bb7 14. Bxh5 c5 15. Bxg6
fxg6 16. Qe2 O-O-O 17. Bd2 Nf6 18. exf6 Re8 19. fxg7 Bxg7 20. O-O-O Rxe4 21.
Qg4 Ra4 22. Kb1 Qa6 23. Qg5 Rxa2 24. Qxc5+ Bc6 25. Ba5 Rxb2+ 26. Kc1 Qxa5 27.
Rd4 Qa1+ 28. Kd2 Qxh1 29. Rb4 Qg2+ 30. Kd3 Re8 31. Qe5 Qxc2+ 32. Kd4 Qd2+ 33.
Kc5 Qxb4# 0-1

[Event "?"]
[Site "ICS rated standard match, 164"]
[Date "1997.??.??"]
[Round "?"]
[White "Brause"]
[Black "BigR"]
[Result "1-0"]
[WhiteElo "2265"]
[BlackElo "1755"]
[PlyCount "67"]

1. e4 e5 2. Nf3 Nc6 3. Nc3 Nf6 4. Nxe5 Nxe5 5. d4 Nc6 6. d5 Ne5 7. f4 Neg4 8.
e5 Nf2 9. Kxf2 Bc5+ 10. Be3 Bxe3+ 11. Kxe3 Qe7 12. Kf3 Nh5 13. Nb5 O-O 14. Nxc7
d6 15. Nxa8 dxe5 16. Bc4 Nxf4 17. g3 Nh3 18. Kg2 Qc5 19. Qf1 b5 20. b4 Qxb4 21.
Bxb5 Bb7 22. c4 Bc8 23. Qc1 Qe7 24. Qe3 g5 25. Rhe1 f6 26. c5 Bb7 27. c6 Bxa8
28. Kxh3 g4+ 29. Kg2 Qb4 30. Bd3 h5 31. Qe4 Qb2+ 32. Re2 f5 33. Qxe5 Qxe5 34.
Rxe5 1-0

[Event "?"]
[Site "ICS rated standard match, 164"]
[Date "1997.??.??"]
[Round "?"]
[White "Brause"]
[Black "ryckaren"]
[Result "1-0"]
[WhiteElo "2235"]
[BlackElo "1830"]
[PlyCount "39"]

1. e4 e5 2. Nf3 Nc6 3. Nc3 Nf6 4. Nxe5 Nxe5 5. d4 Ng6 6. e5 Qe7 7. f4 d6 8. Be2
dxe5 9. fxe5 Ng4 10. O-O Qh4 11. h3 h5 12. Nb5 Kd8 13. Rxf7 Nh6 14. Bxh6 Rxh6
15. Nxc7 Bxh3 16. Nxa8 Qg3 17. Qf1 Nxe5 18. Rxf8+ Ke7 19. dxe5 Qe3+ 20. Kh1 1-0

[Event "?"]
[Site "ICS rated standard match, 164"]
[Date "1997.??.??"]
[Round "?"]
[White "Brause"]
[Black "ryckaren"]
[Result "1-0"]
[WhiteElo "2235"]
[BlackElo "1815"]
[PlyCount "27"]

1. e4 e5 2. Nf3 Nc6 3. Nc3 Nf6 4. Nxe5 Nxe5 5. d4 Ng6 6. e5 Bb4 7. exf6 Qxf6 8.
Bc4 O-O 9. O-O c6 10. Ne4 Qh4 11. f3 d5 12. Bg5 Qh5 13. g4 Qh3 14. Nf2 1-0

[Event "?"]
[Site "ICS rated standard match, 164"]
[Date "1997.??.??"]
[Round "?"]
[White "Brause"]
[Black "ryckaren"]
[Result "1-0"]
[WhiteElo "2240"]
[BlackElo "1785"]
[PlyCount "30"]

1. e4 e5 2. Nf3 Nc6 3. Nc3 Nf6 4. Nxe5 Nxe5 5. d4 Ng6 6. e5 Ng8 7. Bc4 Bb4 8.
Qf3 Qe7 9. O-O Bxc3 10. bxc3 Nh6 11. g3 O-O 12. Qh5 d6 13. Bxh6 gxh6 14. f4
dxe5 15. f5 exd4 1-0

[Event "?"]
[Site "ICS rated standard match, 164"]
[Date "1997.??.??"]
[Round "?"]
[White "Brause"]
[Black "lva"]
[Result "1-0"]
[WhiteElo "2265"]
[BlackElo "1695"]
[PlyCount "31"]

1. e4 e5 2. Nf3 Nc6 3. Nc3 Nf6 4. Nxe5 d6 5. Nxc6 bxc6 6. d4 d5 7. e5 Ne4 8.
Nxe4 dxe4 9. Bc4 c5 10. d5 Be7 11. Qe2 Bf5 12. Bb5+ Kf8 13. Bc6 Rb8 14. Qa6 h5
15. Qxa7 Bg5 16. Bxg5 1-0

[Event "?"]
[Site "ICS rated lightning match, 13"]
[Date "1997.??.??"]
[Round "?"]
[White "Brause"]
[Black "pie"]
[Result "1-0"]
[WhiteElo "1930"]
[BlackElo "1830"]
[PlyCount "33"]

1. e4 e5 2. Nf3 Nc6 3. Nc3 Nf6 4. Nxe5 Nxe5 5. d4 Nc6 6. d5 Nb8 7. e5 Ng8 8. d6
Nc6 9. Nb5 cxd6 10. exd6 Bxd6 11. Qxd6 Qe7+ 12. Be3 Qxd6 13. Nxd6+ Kf8 14.
O-O-O Nge7 15. Be2 f6 16. Nxc8 Rxc8 17. Rxd7 1-0

[Event "?"]
[Site "ICS rated lightning match, 13"]
[Date "1997.??.??"]
[Round "?"]
[White "Brause"]
[Black "pie"]
[Result "1-0"]
[WhiteElo "1955"]
[BlackElo "1820"]
[PlyCount "43"]

1. e4 e5 2. Nf3 Nc6 3. Nc3 Nf6 4. Nxe5 Nxe5 5. d4 Ng6 6. e5 Ng8 7. Bc4 Bb4 8.
Qf3 Qe7 9. O-O Bxc3 10. bxc3 Nh6 11. g3 O-O 12. Qh5 d6 13. Bxh6 gxh6 14. f4 Qd7
15. f5 Kg7 16. fxg6 hxg6 17. Qf3 dxe5 18. Qf6+ Kh7 19. Bxf7 Qg4 20. Bxg6+ Qxg6
21. Qxf8 Bh3 22. Rf7+ 1-0

[Event "?"]
[Site "ICS rated lightning match, 13"]
[Date "1997.??.??"]
[Round "?"]
[White "Brause"]
[Black "Wildsau"]
[Result "0-1"]
[WhiteElo "1955"]
[BlackElo "2335"]
[PlyCount "143"]

1. e4 e5 2. Nf3 Nc6 3. Nc3 Nf6 4. Nxe5 Nxe5 5. d4 Ng6 6. e5 Ng8 7. Bc4 d6 8.
Qf3 Qd7 9. O-O dxe5 10. dxe5 Nxe5 11. Re1 f6 12. Bf4 Bd6 13. Bb5 c6 14. Rad1
cxb5 15. Bxe5 fxe5 16. Ne4 Ke7 17. Nxd6 Nf6 18. Rxe5+ Kf8 19. Nxb5 Qxd1+ 20.
Qxd1 Bd7 21. Qd6+ Kg8 22. Nxa7 h6 23. Qb6 Kh7 24. f3 Ba4 25. Re7 Nd5 26. Qxb7
Nxe7 27. b3 Ng6 28. bxa4 Rhb8 29. Qc7 Re8 30. Qb7 Reb8 31. Qf7 Rb1+ 32. Kf2 Rd8
33. Kg3 Rd2 34. f4 Re1 35. Qb3 Rf1 36. Qe3 Rxc2 37. a3 Rxf4 38. Qd3 Rff2 39.
Qe4 Rce2 40. Qb7 Rf1 41. h3 Nf4 42. a5 Rxg2+ 43. Qxg2 Nxg2 44. Kxg2 Rf6 45. Nb5
Ra6 46. a4 Rxa5 47. Nc3 Kg6 48. Kf3 Rf5+ 49. Kg3 Rc5 50. Ne2 Rc4 51. Nf4+ Kf7
52. a5 g5 53. Ng2 Rc3+ 54. Kh2 Ra3 55. a6 Rxa6 56. Ne3 Ke6 57. Kg3 Ke5 58. Kf2
Ke4 59. Nd1 Ra3 60. Kg2 h5 61. Nf2+ Kf4 62. Kf1 Kf3 63. Ke1 Ra1+ 64. Nd1 g4 65.
hxg4 hxg4 66. Kd2 g3 67. Ne3 Ra2+ 68. Kd3 Ra3+ 69. Kd4 Rxe3 70. Kc5 g2 71. Kd4
Re4+ 72. Kd5 0-1

[Event "?"]
[Site "ICS rated lightning match, 13"]
[Date "1997.??.??"]
[Round "?"]
[White "Brause"]
[Black "Wildsau"]
[Result "1-0"]
[WhiteElo "1950"]
[BlackElo "2340"]
[PlyCount "43"]

1. e4 e5 2. Nf3 Nc6 3. Nc3 Nf6 4. Nxe5 Nxe5 5. d4 Ng6 6. e5 Ng8 7. Bc4 d6 8.
Qf3 Qd7 9. O-O dxe5 10. dxe5 c6 11. Re1 Qc7 12. Bg5 Be6 13. Bxe6 fxe6 14. Rad1
Be7 15. Bxe7 N8xe7 16. Qg4 Nf5 17. Qc4 Qf7 18. Qb4 Qe7 19. Qe4 O-O 20. Rc1 Qg5
21. Qc4 Nfh4 22. Qxe6+ 1-0

[Event "?"]
[Site "ICS rated lightning match, 13"]
[Date "1997.??.??"]
[Round "?"]
[White "Brause"]
[Black "Wildsau"]
[Result "0-1"]
[WhiteElo "1970"]
[BlackElo "2330"]
[PlyCount "121"]

1. e4 e5 2. Nf3 Nc6 3. Nc3 Nf6 4. Nxe5 Nxe5 5. d4 Nc6 6. d5 Ne5 7. f4 Ng6 8. e5
Ng8 9. d6 cxd6 10. exd6 Qh4+ 11. g3 Qf6 12. Nb5 Kd8 13. Be3 Qxb2 14. Bd3 Qb4+
15. c3 Qa5 16. O-O Nf6 17. Qb3 Qa6 18. Qxf7 Bxd6 19. Bxg6 Qxb5 20. Qxg7 Rf8 21.
Bxh7 Nxh7 22. Qxh7 Bc5 23. Rae1 Kc7 24. Qe4 d5 25. Qe5+ Bd6 26. Qg7+ Bd7 27.
Rf2 Rfe8 28. Rfe2 Bc5 29. Bxc5 Rxe2 30. Rxe2 Qxe2 31. Qe5+ Qxe5 32. fxe5 Bh3
33. Kf2 Re8 34. Bd4 Kd7 35. Ke3 Ke6 36. Kd3 b6 37. a3 Rf8 38. Ke2 Rf1 39. g4
Rf4 40. g5 Rg4 41. Be3 Kxe5 42. Kf3 Kf5 43. Bd2 Rg2 44. Be3 Rc2 45. Bd4 Kxg5
46. Kg3 Bf1 47. h4+ Kf5 48. Kf3 Ra2 49. Kg3 Rxa3 50. Kf2 Ba6 51. Ke3 Kg4 52.
Bf6 Ra4 53. Kd2 Ra2+ 54. Kc1 Bd3 55. Kd1 a5 56. Bd4 Kxh4 57. Bxb6 Kg4 58. Bc5
Kf3 59. Bd4 a4 60. Be5 a3 61. c4 0-1

[Event "?"]
[Site "ICS rated lightning match, 13"]
[Date "1997.??.??"]
[Round "?"]
[White "Brause"]
[Black "DrFeelGood"]
[Result "1-0"]
[WhiteElo "2170"]
[BlackElo "1765"]
[PlyCount "93"]

1. e4 e5 2. Nf3 Nc6 3. Nc3 Nf6 4. Nxe5 Nxe5 5. d4 Ng6 6. e5 Ng8 7. Bc4 d5 8.
Bxd5 c6 9. Bb3 Be6 10. O-O Bxb3 11. axb3 Be7 12. Be3 f6 13. Qg4 Qc8 14. Qxc8+
Rxc8 15. Rxa7 Rb8 16. Re1 fxe5 17. dxe5 Nh6 18. Bxh6 gxh6 19. Kf1 O-O 20. f3
Bc5 21. Ra4 Rbe8 22. Rc4 Ba7 23. e6 Rf6 24. Ne4 Rff8 25. Nd6 Re7 26. Nf7 Kg7
27. Rce4 Nh8 28. Nxh8 Kxh8 29. Ke2 Rf6 30. Kd3 Kg7 31. f4 Bb8 32. g3 Rf5 33. c4
Ra5 34. b4 Rf5 35. Rd4 h5 36. Rd7 Kf6 37. h3 Rxe6 38. Rxe6+ Kxe6 39. Rxb7 Bd6
40. c5 Bf8 41. Rxh7 Be7 42. Ke4 Rf6 43. f5+ Kd7 44. g4 hxg4 45. hxg4 Rf8 46. g5
Ke8 47. g6 1-0

[Event "?"]
[Site "ICS rated lightning match, 13"]
[Date "1997.??.??"]
[Round "?"]
[White "Brause"]
[Black "Wildsau"]
[Result "0-1"]
[WhiteElo "2155"]
[BlackElo "2410"]
[PlyCount "60"]

1. e4 e5 2. Nf3 Nc6 3. Nc3 Nf6 4. Nxe5 Nxe5 5. d4 Ng6 6. e5 Ng8 7. Bc4 d6 8.
Qf3 Qd7 9. O-O dxe5 10. dxe5 c6 11. Re1 Qc7 12. Bg5 Be6 13. Bxe6 fxe6 14. Rad1
Be7 15. Bxe7 N8xe7 16. Qg4 Nf5 17. Qc4 Qf7 18. Qb4 Qe7 19. Qe4 O-O 20. Rc1 Qg5
21. Qc4 Nf4 22. g3 Nh3+ 23. Kg2 Nxf2 24. Kg1 Nh3+ 25. Kh1 Qh6 26. Ne4 Rad8 27.
Nc5 Nxg3+ 28. hxg3 Nf2+ 29. Kg2 Qh3+ 30. Kg1 Qh1# 0-1

[Event "?"]
[Site "ICS rated lightning match, 13"]
[Date "1997.??.??"]
[Round "?"]
[White "Brause"]
[Black "Wildsau"]
[Result "1-0"]
[WhiteElo "2160"]
[BlackElo "2415"]
[PlyCount "57"]

1. e4 e5 2. Nf3 Nc6 3. Nc3 Nf6 4. Nxe5 Nxe5 5. d4 Ng6 6. e5 Ng8 7. Bc4 d6 8.
Qf3 Qd7 9. O-O dxe5 10. dxe5 Nxe5 11. Re1 f6 12. Rxe5+ fxe5 13. Qh5+ Kd8 14.
Bxg8 Qf5 15. Bg5+ Kd7 16. g4 Qg6 17. Rd1+ Bd6 18. Qxg6 hxg6 19. Bf7 Kc6 20.
Bd5+ Kb6 21. Be3+ Ka5 22. Bg2 Bxg4 23. Rd5+ c5 24. Rxd6 Rab8 25. Bxc5 b6 26.
b4+ Ka6 27. b5+ Ka5 28. a3 bxc5 29. Ra6# 1-0

[Event "?"]
[Site "ICS rated lightning match, 13"]
[Date "1997.??.??"]
[Round "?"]
[White "Brause"]
[Black "Wildsau"]
[Result "1-0"]
[WhiteElo "2170"]
[BlackElo "2405"]
[PlyCount "139"]

1. e4 e5 2. Nf3 Nc6 3. Nc3 Nf6 4. Nxe5 Nxe5 5. d4 Ng6 6. e5 Ng8 7. Bc4 d6 8.
Qf3 Qd7 9. O-O dxe5 10. dxe5 Nxe5 11. Re1 f6 12. Rxe5+ fxe5 13. Qh5+ Kd8 14.
Bxg8 Qf5 15. Bg5+ Be7 16. Bxe7+ Kxe7 17. Qh4+ Ke8 18. Nd5 Qd7 19. Re1 Qd6 20.
Qh5+ g6 21. Rxe5+ Kf8 22. Qh6+ Kxg8 23. Re7 Qxe7 24. Nxe7+ Kf7 25. Nxg6 Re8 26.
Qxh7+ Kf6 27. f4 Bf5 28. Qh4+ Ke6 29. Qh5 Be4 30. Qg4+ Kf6 31. Qg5+ Ke6 32. f5+
Kd6 33. f6 Ke6 34. Nf4+ Kd7 35. Qg4+ Kd6 36. f7 Re5 37. Qg8 Rxg8 38. fxg8=Q Kd7
39. Qg7+ Re7 40. Qd4+ Kc6 41. Qa4+ Kd6 42. Qxa7 Ke5 43. Qc5+ Kf6 44. g4 Kf7 45.
Qc4+ Kf6 46. Nd5+ Bxd5 47. Qxd5 Rg7 48. Qf5+ Ke7 49. g5 Rf7 50. Qe5+ Kd8 51. g6
Re7 52. Qh8+ Kd7 53. g7 Re1+ 54. Kf2 Re8 55. Qxe8+ Kxe8 56. g8=Q+ Ke7 57. Qc8
Kd6 58. Qd8+ Ke6 59. Qxc7 b5 60. Qc6+ Ke7 61. Qxb5 Ke6 62. c4 Ke7 63. Qb7+ Ke6
64. c5 Kf6 65. c6 Kf5 66. c7 Ke5 67. c8=Q Kf6 68. Qf8+ Ke5 69. Qfe7+ Kd4 70.
Qbe4# 1-0